Normal view
MARC view
Entry Personal Name
001 - CONTROL NUMBER
- control field: 14744
003 - CONTROL NUMBER IDENTIFIER
- control field: OSt
005 - DATE AND TIME OF LATEST TRANSACTION
- control field: 20210908102309.0
008 - FIXED-LENGTH DATA ELEMENTS
- fixed length control field: 210908|| aca||aabn | a|a d
040 ## - CATALOGING SOURCE
- Original cataloging agency: OSt
- Transcribing agency: OSt
100 ## - HEADING--PERSONAL NAME
- Personal name: Hammond, C.
- Fuller form of name: (Christopher),
- Dates associated with a name: 1942-
670 ## - SOURCE DATA FOUND
- Source citation: Work cat.: (OSt)0: Hammond, C. (Christopher), 1942-, The basics of crystallography and diffraction /, c2001.
